| Tag |
First Indicator |
Second Indicator |
Subfields |
| LEADER |
00000cam a2200000 a 4500 |
| 001 |
in00000023639 |
| 005 |
20151007054300.0 |
| 008 |
870924s1988 iau s00011 eng |
| 010 |
|
|
|a 87028405
|
| 020 |
|
|
|a 0877451753 :
|c $15.95
|
| 035 |
|
|
|a (OCoLC)16869230
|
| 035 |
|
|
|9 AAB4557AM
|
| 040 |
|
|
|a DLC
|c DLC
|d TXA
|d UtOrBLW
|
| 049 |
|
|
|a TXAM
|c [A11112689]
|
| 050 |
0 |
0 |
|a PS3556.R767
|b F78 1988
|
| 082 |
0 |
|
|a 813/.54
|2 19
|
| 100 |
1 |
|
|a Frucht, Abby.
|
| 245 |
1 |
0 |
|a Fruit of the month /
|c Abby Frucht.
|
| 250 |
|
|
|a 1st ed.
|
| 264 |
|
1 |
|a Iowa City :
|b University of Iowa Press,
|c 1988.
|
| 300 |
|
|
|a 167 pages ;
|c 23 cm.
|
| 336 |
|
|
|a text
|b txt
|2 rdacontent
|
| 337 |
|
|
|a unmediated
|b n
|2 rdamedia
|
| 338 |
|
|
|a volume
|b nc
|2 rdacarrier
|
| 490 |
1 |
|
|a The Iowa short fiction award
|
| 505 |
0 |
|
|a Midnight -- Peace and passivity -- Fruit of the month -- Engagements -- Paradise -- The anniversary -- Winter -- How to live alone -- Trees at night -- Fate and the poet -- Nuns in love -- The habit of friendship.
|
| 830 |
|
0 |
|a Iowa short fiction award.
|
| 999 |
|
|
|a MARS
|
| 999 |
f |
f |
|s 63230e90-817c-3ce1-80cb-a3e02d85d6f1
|i db5be961-b7cc-3616-b698-5ff0549e6490
|t 0
|
| 952 |
f |
f |
|p ric
|a Texas A&M University
|b Rellis Campus
|c Joint Library Facility
|d Remote Storage
|t 0
|e PS3556.R767 F78 1988
|h Library of Congress classification
|i unmediated -- volume
|m A14811112689
|
| 998 |
f |
f |
|a PS3556.R767 F78 1988
|t 0
|l Remote Storage
|